Responses for show #1739 - Thursday, March 5, 1992

1992 Teen Tournament final game 1.

Contestants

Jill Young, a junior from Oshkosh, Wisconsin

April McManus, a senior from Woodbury, Minnesota

Cori Van Noy, a sophomore from San Diego, California

Jeopardy! Round responses

1990
CELEBRITIES
PHYSICAL SCIENCE
SKIING
FIRST AID
WHAT'S "NEW"
    $100 9
Lech Walesa

April
    $100 1
(April: What is [*]?)

Who's the Boss

April
    $100 16
Jupiter

Jill
    $100 21
a lift

April
    $100 4
a burn

Jill
    $100 24
the New Testament

Cori
    $200 10
the Archbishop of Canterbury

April
    $200 2
Michael Jackson

Cori
    $200 17
holography

Jill
    $200 22
sunglasses

Jill
    $200 5
frostbite

Jill
    $200 25
new wave

Cori
    $300 11
(Eduard) Shevardnadze

April
    $300 3
Christie Brinkley

Jill
    $300 18
magnetic fields

Triple Stumper
    $300 23
powder

Jill
    $300 6
rabies

April
    $300 26
the New Deal

Jill
    $400 12
Magellan

Triple Stumper
    $400 7
Cybill Shepherd

April
    $400 19
a filament

April
    $400 29
a V

Cori
    $400 14
salt

April
    $400 27
(Jill: What is New Mexico?)

New Hampshire

CoriJill
    $500 13
Poet Laureate

April
    $800 8
(Alex: These are all Wheel of Fortune from programs around the world. And there's Vanna with them.)

Vanna White

April
    $500 20
glass

Triple Stumper
    $500 30
cross-country skiing

Triple Stumper
    $500 15
swells up

Cori
    $500 28
Newspeak

Jill

Scores at the first commercial break (after clue 13):

Cori April Jill
$200 $2,700 $600

Scores at the end of the Jeopardy! Round:

Cori April Jill
$1,800 $3,600 $1,800

Double Jeopardy! Round responses

WORLD HISTORY
TESTS
ART
BROADWAY MUSICALS
MOUNTAINS
MISC.
    $200 15
Japan

April
    $200 16
20/20

April
    $200 6
(Pablo) Picasso

April
    $200 1
Doonesbury

Jill
    $200 30
the Alps

April
    $200 21
gloves

Jill
    $400 14
the Boxer Rebellion

April
    $400 17
the Post Office

Cori
    $400 7
Van Gogh

Jill
    $400 2
Cats

Jill
    $400 29
Mount Kilimanjaro

Triple Stumper
    $400 22
wax

Cori
    $600 13
Suleiman the Magnificent

Triple Stumper
    $600 18
the SAT

April
    $600 8
Andy Warhol

April
    $600 3
Grand Hotel

Cori
    $600 28
Mount Everest

Jill
    $600 23
eleven

April
    $800 12
India

April
    $800 19
the Rorschach test

Cori
    $800 9
El Greco

April
    $800 4
Miss Saigon

Cori
    $800 27
Arizona

April
    $800 24
(April: What is steel?)
(Alex: Be more specific.)
(April: What is [*]?)

stainless steel

April
    $1000 11
the War of the Roses

April
    $1000 20
(April: What is mental aptitude?)

mental age

CoriApril
    $700 10
(April: What is the crossing of the Potomac?)
(Alex: Oh, sorry.)
(April: The Delaware.)

Washington crossing the Delaware

April
    $1,300 5
The Secret Garden

Cori
    $1000 26
the Sierra Nevada

Jill
    $1000 25
William

Jill

Scores at the end of the Double Jeopardy! Round:

Cori April Jill
$7,100 $9,100 $5,600

Final Jeopardy! Round responses

LITERATURE
JillWhat is blood?
$3,500
CoriWhat is Death?
$1,900
AprilWhat is Fire?
$2,900
fire

Final scores:

Cori April Jill
$5,200 $12,000 $2,100

Game dynamics:

Coryat scores:

Cori April Jill
$6,800 $9,500 $5,600
13 R
(including 1 DD),
0 W
24 R
(including 1 DD),
2 W
(including 1 DD)
16 R,
1 W

Combined Coryat: $21,900

The J! Archive is created by fans, for fans. The Jeopardy! game show and all elements thereof, including but not limited to copyright and trademark thereto, are the property of Jeopardy Productions, Inc. and are protected under law. This website is not affiliated with, sponsored by, or operated by Jeopardy Productions, Inc. Join the discussion at JBoard.tv.